| 000 | 00871nam a2200253 a 4500 | ||
|---|---|---|---|
| 001 | 56370 | ||
| 003 | BD-RjUL | ||
| 005 | 20211209080404.0 | ||
| 008 | 161129s1980 bg ||||| |||| 00| 0 ben d | ||
| 020 | _c: TK 40.00 | ||
| 035 | _a(BD-RjUL)56494 | ||
| 040 |
_aBD-RjUL _bben _cBD-RjUL |
||
| 041 | _aben | ||
| 082 |
_223 _a843 _bSAA 1980 |
||
| 100 |
_aসার্ত, জাঁ পল _9127243 |
||
| 245 | 1 | 0 |
_aআরো কিছু জীবন / _cজাঁ পল সার্ত |
| 250 | _a১ম সং . | ||
| 260 |
_aঢাকা : _bবাংলা একাডেমী, _c১৯৮০ |
||
| 300 |
_a৫৮৪ পৃ. ; _c২১ সেমি . |
||
| 650 |
_aফ্রান্স উপন্যাস _9124495 |
||
| 650 |
_aFrench Fictions _9166439 |
||
| 700 |
_aআখন্দ, শহীদ, অনুবাদ _9147677 |
||
| 942 |
_2ddc _cBK |
||
| 999 |
_c56370 _d56370 |
||